[Event "1800 - 2299 Rated Tournament 4"]
[Site "SchemingMind.com"]
[Date "2022.11.01"]
[Round "-"]
[White "The Stonewall"]
[Black "Mirta Crevani"]
[Result "1/2-1/2"]
[WhiteCountry "ENG"]
[BlackCountry "ARG"]
[WhiteElo "2311"]
[WhiteRD "70"]
[BlackElo "2144"]
[BlackRD "113"]
[GameID "727982"]

1. e4 c6 2. d4 d5 3. exd5 cxd5 4. Nf3 Nc6 5. Bb5 Bg4 6. c4 Nf6 7. Nc3 e6 8. h3 Bxf3 9. Qxf3 Bb4 10. c5 O-O
11. Bxc6 bxc6 12. Bg5 e5 13. O-O exd4 14. Ne2 Bxc5 15. Rac1 Bb6 16. Rxc6 Qe8 17. Rxf6 gxf6 18. Bh6 Qe4 19. Qxf6 Qg6 20. Qxg6+ fxg6
21. Bxf8 Rxf8 22. Nc1 Rc8 23. Nd3 Rc2 24. Rc1 Rd2 25. Kf1 Ba5 26. Rc5 Rxd3 27. Rxa5 Rd2 28. b3 d3 29. f4 Rd1+ 30. Kf2 d4
31. Ra4 Rd2+ 32. Kf3 Rc2 33. Rxd4 Rxa2 34. Rxd3 a5 35. g4 a4 36. Ke4 axb3 37. Rxb3 Ra4+ 38. Ke5 Ra7 39. Kf6 Rf7+ 40. Ke5 Re7+
41. Kf6 Rf7+ 42. Ke5 Re7+ 43. Kf6=
1/2-1/2

[Event "1800 - 2299 Rated Tournament 4"]
[Site "SchemingMind.com"]
[Date "2022.10.31"]
[Round "-"]
[White "Mirta Crevani"]
[Black "The Stonewall"]
[Result "0-1"]
[WhiteCountry "ARG"]
[BlackCountry "ENG"]
[WhiteElo "1985"]
[WhiteRD "99"]
[BlackElo "2306"]
[BlackRD "72"]
[GameID "727983"]

1. c4 Nf6 2. Nc3 g6 3. e4 d6 4. d4 Bg7 5. f3 O-O 6. Be3 c5 7. dxc5 dxc5 8. Qxd8 Rxd8 9. Bxc5 Nc6 10. Rd1 Rxd1+
11. Kxd1 Nd7 12. Bf2 Nde5 13. Nd5 f5 14. Be2 fxe4 15. fxe4 Ng4 16. Bg3 Bxb2 17. Nf3 Bd7 18. h3 Nf6 19. Bd3 Rf8 20. Ke2 Nh5
21. Bh2 Ba3 22. Rd1 Bc8 23. Bc2 b6 24. g4 Ng7 25. Ba4 Na5 26. Bb5 Ne6 27. Rd3 Bc5 28. Bg3 a6 29. Ba4 Nxc4 30. Rc3 Na5
31. Bf2 Bb7 32. Bxc5 Nxc5 33. Nxb6 Nxe4 34. Re3 Rf6 35. Nd7 Rd6 36. Nde5 Rb6 37. Bc2 Nd6 38. Bb3+ Nxb3 39. Rxb3 Rxb3 40. axb3 Kg7
41. Ke3 Nb5 42. h4 Bxf3 43. Nxf3 Kf6 44. Ke4 Nc3+ 45. Kd3 Na2 46. Ke4 h5
0-1

[Event "1800 - 2299 Rated Tournament 4"]
[Site "SchemingMind.com"]
[Date "2022.10.31"]
[Round "-"]
[White "Mirta Crevani"]
[Black "lawyertheologian"]
[Result "0-1"]
[WhiteCountry "ARG"]
[BlackCountry "USA"]
[WhiteElo "1985"]
[WhiteRD "99"]
[BlackElo "2037"]
[BlackRD "78"]
[GameID "727984"]

1. c4 f5 2. g3 Nf6 3. Bg2 g6 4. Nc3 Bg7 5. d3 O-O 6. e4 fxe4 7. dxe4 d6 8. Nge2 c5 9. O-O Nc6 10. h3 Nd7
11. f4 Nd4 12. Be3 Nxe2+ 13. Qxe2 Nb6 14. Rad1 Bxc3 15. bxc3 Be6 16. Rfe1 Qc7 17. e5 Bxc4 18. Qc2 Rad8 19. a4 Bf7 20. Bf1 Qc6
21. a5 Nc4 22. Bxc4 Bxc4 23. exd6 exd6 24. g4 Rfe8 25. Qf2 Bb3 26. Rb1 Bd5 27. f5 Be4 28. f6 Rf8 29. Rbd1 b6 30. Bh6 Rf7
31. Qf4 Bh1 32. Rd2 Qa8 33. Re7 Rd7 34. Qe3 Rdxe7 35. fxe7 Be4 36. Rxd6 Rxe7 37. Qg5 Bh1 38. Qd2 Re8 39. Rd7 b5 40. Qf2 Re1+
41. Kh2 Qe8 42. Rd8 Qxd8 43. Qxe1 Bd5 44. Qe5 Qd7 45. Qf6 Qc7+ 46. Bf4 Qc6 47. Qd8+ Kf7 48. Qh8 Bh1 49. Qxh7+ Ke8 50. Qg8+ Kd7
51. Qf7+ Kc8 52. Qf8+ Kb7 53. Qe7+ Ka6 54. Qd6 Kxa5 55. Qxc6 Bxc6 56. Be3 Kb6 57. Kg3 a5 58. h4 a4 59. h5 gxh5 60. gxh5 a3
61. Bc1 b4 62. Kf4 Be8 63. Ke3 Kb5 64. Kd3 Bxh5
0-1

[Event "1800 - 2299 Rated Tournament 4"]
[Site "SchemingMind.com"]
[Date "2022.11.01"]
[Round "-"]
[White "lawyertheologian"]
[Black "Mirta Crevani"]
[Result "1/2-1/2"]
[WhiteCountry "USA"]
[BlackCountry "ARG"]
[WhiteElo "2023"]
[WhiteRD "80"]
[BlackElo "2144"]
[BlackRD "113"]
[GameID "727985"]

1. e4 c6 2. d4 d5 3. f3 e6 4. Be3 Nf6 5. Nd2 Qb6 6. Rb1 c5 7. c3 Nc6 8. Bd3 cxd4 9. cxd4 Nb4 10. Be2 Bd7
11. e5 Ng8 12. a3 Nc6 13. Qb3 Qxb3 14. Nxb3 Nge7 15. f4 Nf5 16. Bf2 Be7 17. Nf3 b6 18. g4 Nh6 19. Rg1 O-O 20. Bd3 f6
21. exf6 gxf6 22. Ke2 Nf7 23. g5 f5 24. g6 hxg6 25. Rxg6+ Kh7 26. Rg3 Rg8 27. Rh3+ Kg7 28. Rg1+ Kf8 29. Rhg3 Rxg3 30. Bxg3 Bf6
31. Bh4 Ke7 32. Bxf6+ Kxf6 33. h4 Rh8 34. Rh1 Nh6 35. Kf2 Ng4+ 36. Kg3 Na5 37. Nxa5 bxa5 38. Rc1 Rb8 39. Rc7 Be8 40. Rxa7 Rxb2
41. Rxa5 Ne3 42. Ne1 Bh5 43. Ra8 Rd2 44. a4 Rd1 45. a5 Ng4 46. a6 Rxe1 47. a7 Re3+ 48. Kg2 Rxd3 49. Rf8+ Kg7 50. a8=Q Rd2+
51. Kg3 Rd3+ 52. Kg2 Rd2+ 53. Kg3=
1/2-1/2

[Event "1800 - 2299 Rated Tournament 4"]
[Site "SchemingMind.com"]
[Date "2022.11.01"]
[Round "-"]
[White "Mirta Crevani"]
[Black "Andrea Carra"]
[Result "1-0"]
[WhiteCountry "ARG"]
[BlackCountry "ITA"]
[WhiteElo "2152"]
[WhiteRD "122"]
[BlackElo "1810"]
[BlackRD "99"]
[GameID "727986"]

1. c4 Nf6 2. Nc3 e6 3. e4 e5 4. Nf3 Nc6 5. d4 exd4 6. Nxd4 d6 7. Nxc6 bxc6 8. Be2 Be7 9. Be3 O-O 10. O-O Be6
11. f4 Qc8 12. f5 Bd7 13. g4 d5 14. e5 Ne4 15. Nxe4 dxe4 16. Qd4 Bh4 17. Qxe4 h6 18. Rf3 Qb7 19. Rh3 Bg5 20. Bxg5 hxg5
21. f6 g6 22. Rb3 Qa6 23. Qe3
1-0

[Event "1800 - 2299 Rated Tournament 4"]
[Site "SchemingMind.com"]
[Date "2022.11.01"]
[Round "-"]
[White "Andrea Carra"]
[Black "Mirta Crevani"]
[Result "1-0"]
[WhiteCountry "ITA"]
[BlackCountry "ARG"]
[WhiteElo "1883"]
[WhiteRD "96"]
[BlackElo "1985"]
[BlackRD "99"]
[GameID "727987"]

1. d4 Nf6 2. Nf3 e6 3. e3 b6 4. Bd3 Bb7 5. O-O d5 6. c3 c5 7. Nbd2 Nbd7 8. Re1 Ne4 9. Ne5 Nxe5 10. dxe5 Qd7
11. Qc2 Nxd2 12. Bxd2 c4 13. Be2 f6 14. exf6 gxf6 15. Bh5+ Kd8 16. Rad1 Kc7 17. e4 Bd6 18. Bf3 Rhg8 19. b3 b5 20. Be3 Bc6
21. exd5 exd5 22. g3 Qf7 23. Qf5 Qg6 24. Rxd5 Qxf5 25. Rxf5 Bxf3 26. Rxf3 Be5 27. Bf4 cxb3 28. Bxe5+ fxe5 29. axb3 Rae8 30. Rfe3 Kb6
31. Rxe5 Rxe5 32. Rxe5 Rc8 33. Re3 a5 34. f4
1-0

[Event "1800 - 2299 Rated Tournament 4"]
[Site "SchemingMind.com"]
[Date "2022.10.31"]
[Round "-"]
[White "Mirta Crevani"]
[Black "Johnny Owens"]
[Result "0-1"]
[WhiteCountry "ARG"]
[BlackCountry "USA"]
[WhiteElo "1985"]
[WhiteRD "99"]
[BlackElo "2370"]
[BlackRD "89"]
[GameID "727988"]

1. c4 e6 2. g3 Nf6 3. Bg2 Be7 4. e4 d5 5. e5 Nfd7 6. cxd5 exd5 7. d4 c5 8. Be3 Nc6 9. Nf3 Nb6 10. b3 Bg4
11. h3 Bxf3 12. Bxf3 cxd4 13. Bxd4 f6 14. e6 Qd6 15. O-O Nxd4 16. Qxd4 Qe5 17. Rd1 Rc8 18. a4 Rc1 19. Qxe5 Rxd1+ 20. Bxd1 fxe5
21. a5 Na8 22. Nc3 Nc7 23. b4 d4 24. Ne4 Nxe6
0-1

[Event "1800 - 2299 Rated Tournament 4"]
[Site "SchemingMind.com"]
[Date "2022.11.01"]
[Round "-"]
[White "Johnny Owens"]
[Black "Mirta Crevani"]
[Result "1-0"]
[WhiteCountry "USA"]
[BlackCountry "ARG"]
[WhiteElo "2370"]
[WhiteRD "89"]
[BlackElo "1985"]
[BlackRD "99"]
[GameID "727989"]

1. Nf3 Nf6 2. b3 d6 3. Bb2 e5 4. d3 g6 5. g3 Bg7 6. c4 O-O 7. a3 a5 8. Bg2 c6 9. O-O Na6 10. b4 Nc7
11. Nbd2 Be6 12. Nb3 axb4 13. axb4 Qd7 14. Qc2 h6 15. Rfb1 Nh7 16. Rxa8 Rxa8 17. Qc1 f5 18. Na5 Ne8 19. Bc3 Bf7 20. b5 e4
21. dxe4 fxe4 22. Nd2 d5 23. Bxg7 Nxg7 24. bxc6
1-0

[Event "1800 - 2299 Rated Tournament 4"]
[Site "SchemingMind.com"]
[Date "2022.11.01"]
[Round "-"]
[White "Mirta Crevani"]
[Black "Stephen Dunning"]
[Result "0-1"]
[WhiteCountry "ARG"]
[BlackCountry "WLS"]
[WhiteElo "1985"]
[WhiteRD "99"]
[BlackElo "1837"]
[BlackRD "80"]
[GameID "727990"]

1. c4 c5 2. Nc3 g6 3. g3 Bg7 4. Bg2 Nc6 5. e3 d6 6. Nge2 h5 7. h3 Nh6 8. O-O Nf5 9. a3 O-O 10. Rb1 a5
11. b3 e6 12. Bb2 Bd7 13. Nb5 Bxb2 14. Rxb2 Na7 15. e4 Ne7 16. Nxd6 Qc7 17. e5 Bc6 18. d4 Bxg2 19. Kxg2 cxd4 20. Nxd4 Nac8
21. N4b5 Qc6+ 22. Qf3 Nxd6 23. Nxd6 Qxf3+ 24. Kxf3 b6 25. Rd1 f6 26. exf6 Rxf6+ 27. Kg2 Nf5 28. Ne4 Rf7 29. Rbd2 Raf8 30. b4 axb4
0-1

[Event "1800 - 2299 Rated Tournament 4"]
[Site "SchemingMind.com"]
[Date "2022.11.03"]
[Round "-"]
[White "Stephen Dunning"]
[Black "Mirta Crevani"]
[Result "1-0"]
[WhiteCountry "WLS"]
[BlackCountry "ARG"]
[WhiteElo "1889"]
[WhiteRD "71"]
[BlackElo "1949"]
[BlackRD "101"]
[GameID "727991"]

1. d4 Nf6 2. c4 e6 3. Nf3 b6 4. g3 Ba6 5. Qc2 Bb7 6. Bg2 Bb4+ 7. Bd2 a5 8. O-O O-O 9. Bg5 Be7 10. Nc3 h6
11. Bxf6 Bxf6 12. Rad1 Qc8 13. e4 d6 14. e5 dxe5 15. Nxe5 Bxg2 16. Kxg2 Qb7+ 17. Kg1 Bxe5 18. dxe5 Nc6 19. Qe4 Rab8 20. Rd7 Rfd8
21. Rfd1 Rxd7 22. Rxd7 Rd8 23. Rxd8+ Nxd8 24. Qxb7 Nxb7 25. Nb5 c6 26. Na7 Nd8 27. a4 Kf8 28. Nc8 Nb7 29. Na7 Nc5 30. Nxc6 Nxa4
31. b4 axb4 32. Nxb4 Nb2 33. f4 Nxc4 34. Kf2 Ke8 35. Ke2 Kd7 36. Kd3 Na5 37. Kc3 Nc6 38. Nd3
1-0

[Event "1800 - 2299 Rated Tournament 4"]
[Site "SchemingMind.com"]
[Date "2022.10.31"]
[Round "-"]
[White "Mirta Crevani"]
[Black "Vanycuba"]
[Result "0-1"]
[WhiteCountry "ARG"]
[BlackCountry "CUB"]
[WhiteElo "2144"]
[WhiteRD "113"]
[BlackElo "2482"]
[BlackRD "80"]
[GameID "727992"]

1. c4 e5 2. g3 Nf6 3. Bg2 d5 4. cxd5 Nxd5 5. Nc3 Nb6 6. Nf3 Nc6 7. O-O Be7 8. d3 O-O 9. a3 Be6 10. Be3 f5
11. Rc1 Kh8 12. Na4 f4 13. Nc5 Bd5 14. Bd2 Bxc5 15. Rxc5 Qd6 16. b4 a5 17. Qb1 axb4 18. Bxb4 Nxb4 19. Qxb4 Nd7 20. Rc2 c5
21. Qb2 Qc6 22. Rfc1 b6 23. Rb1 Rad8 24. Qb5 Qf6 25. Rf1 Bc6 26. Qb2 Rde8 27. Nd2 Bxg2 28. Kxg2 Qc6+ 29. Kg1 Qe6 30. Kg2 Nf6
31. Rb1 Nd5 32. Rc4 Rf5 33. Nf3 fxg3 34. hxg3 Nf4+ 35. gxf4 Rh5 36. f5 Qxf5 37. Rh4 Rxh4 38. Nxh4 Qg4+ 39. Kf1 Qxh4 40. f3 Re6
41. Qb5 h5 42. Qc4 Qxc4 43. dxc4 Kh7 44. Kf2 h4 45. Kg2 Kg6 46. Kh3 Kf5 47. Kxh4 Kf4 48. Kh3 e4 49. Rb3 Ke5 50. fxe4 Kd4
0-1

[Event "1800 - 2299 Rated Tournament 4"]
[Site "SchemingMind.com"]
[Date "2022.10.31"]
[Round "-"]
[White "Vanycuba"]
[Black "Mirta Crevani"]
[Result "1/2-1/2"]
[WhiteCountry "CUB"]
[BlackCountry "ARG"]
[WhiteElo "2432"]
[WhiteRD "83"]
[BlackElo "2152"]
[BlackRD "122"]
[GameID "727993"]

1. e4 c6 2. d4 d5 3. e5 Bf5 4. Nf3 e6 5. Be2 c5 6. Be3 cxd4 7. Nxd4 Ne7 8. c4 Nbc6 9. Qa4 a6 10. Nc3 dxc4
11. O-O-O Qa5 12. Qxa5 Nxa5 13. Nxf5 Nxf5 14. Bb6 Nc6 15. f4 Rc8 16. Bxc4 Bb4 17. Bd3 Nb8 18. Kb1 Bxc3 19. bxc3 Nd7 20. Bf2 Nc5
21. Bc2 O-O 22. c4 Ne7 23. Rc1 b6 24. Rhd1 g6 25. Ka1 Rfd8 26. Rxd8+ Rxd8 27. Rd1 Rxd1+ 28. Bxd1 Kf8 29. Bf3 Ke8 30. g4 Kd7
31. Be3 Nc6 32. Kb2 Nd3+ 33. Kc3 Nc5 34. h3 Na4+ 35. Kc2 Nc5 36. h4 Nb4+ 37. Kb2 Kc7 38. a3 Nc6 39. Bd1 Na5 40. Kc3 Nc6
41. Bg1 Ne4+ 42. Kd3=
1/2-1/2